| 000 | 00471pam a2200169 a 4500 | ||
|---|---|---|---|
| 020 | _a0801680115 | ||
| 040 | _cDLC | ||
| 082 | 0 | 0 | _a617 MOS 1993 A045 Or. |
| 100 | 1 | _aSigler, Barbara A. | |
| 245 | 1 | 0 | _aEar, nose, and throat disorders / |
| 260 |
_aSt. Louis : _bMosby, _cc1993. |
||
| 300 |
_axiii, 290 p. : _bill. (some col.) ; _c29 cm. |
||
| 650 | 0 | _aOtolaryngological nursing. | |
| 650 | 2 | _aOtorhinolaryngologic Diseases | |
| 700 | 1 | _aSchuring, Linda T. | |
| 942 | _cEK | ||
| 999 |
_c13064 _d13064 |
||